| 000 | 01207nam a2200349Ia 4500 | ||
|---|---|---|---|
| 005 | 20220317001742.0 | ||
| 008 | 170328s2013 ve a g 000 0 spa | ||
| 020 | _a9788494025624 | ||
| 041 | _aspa | ||
| 100 | 1 | _aBlume Sánchez, Jaime | |
| 245 | 1 | 0 |
_aTú no me vas a creer _cJaime Blume Sánchez ; Irene Savino |
| 250 | _aPrimera edición | ||
| 264 | 1 |
_aCaracas _bEkaré _c2013 |
|
| 300 |
_a[22] páginas _bilustraciones a color _c19 cm. |
||
| 336 |
_atexto _btxt _2rdacontent |
||
| 337 |
_asin mediación _bn _2rdamedia |
||
| 338 |
_avolumen _bnc _2rdacarrier |
||
| 490 | _aPonte poronte | ||
| 500 | _aIncluye datos biográficos del autor e ilustradora | ||
| 521 | _aRecomendado desde los 3 años | ||
| 650 | 1 | 4 |
_2LEMB _aÁlbumes infantil chilenos |
| 650 | 1 | 4 |
_2LEMB _aLiteratura infantil chilena |
| 650 | 1 | 4 |
_2LEMB _aMiedo _vÁlbum infantil |
| 650 | 1 | 4 |
_2LEMB _aNiños _vÁlbum infantil |
| 650 | 1 | 4 |
_2LEMB _aRelación madre-hijos _vÁlbum infantil |
| 650 | 1 | 4 |
_2LEMB _aSueños _vÁlbum infantil |
| 650 | 1 | 4 |
_2LEMB _aLibros ilustrados para niños |
| 700 | 1 |
_a Savino, Irene _d1953- _eilustradora _9115697 |
|
| 942 |
_2loc _cBKLIT |
||
| 040 |
_aCO-BoRNBP _bspa _erda _cCO-BoRNBP |
||
| 084 | _aA BLU1 | ||
| 999 |
_c7975 _d7975 |
||